| 000 | 01355 a2200205 4500 | ||
|---|---|---|---|
| 001 | 33046 | ||
| 005 | 20260407155625.0 | ||
| 008 | 260407a1969 arg spa d | ||
| 003 | AR-UNSa-BCEJYS | ||
| 040 |
_aAR-UNSa-BCEJYS _bspa _cAR-UNSa-BCEJYS |
||
| 080 |
_a658.012.2 _xPlanificación. Programas. Planes. Medidas de apoyo a la planificación( Administración estratégica...) |
||
| 245 | 1 | 0 |
_aPlanificación a largo plazo y crecimiento de la empresa _pla guía del ejecutivo para una planificación eficaz |
| 264 | 1 |
_aBilbao : _bEdiciones Deusto _c1969 |
|
| 300 |
_a242 p. _c21 cm. |
||
| 505 | _a1. La necesidad de una planificación a largo plazo - 2. Organización de la planificación a largo plazo - 3. Establecer objetivos generales a largo plazo - 4. Objetivos a corto plazo como parte de un plan a largo plazo - 5. El plan de marketing - 6. Planificación de nuevos productos - 7. Planificación de la investigación y desarrollo - 8. Planificación a largo plazo de la fabricación - 9. Organización del equipo directivo para la expansión de la empresa - 10. Planificación financiera - 11. Planificación internacional - 12. Cómo hacer que la planificación a largo plazo se convierta en una operación práctica. | ||
| 942 | _cBK | ||
| 590 | _aniveau_biblio:m niveau_hierar:0 | ||
| 100 | 1 | _aPayne, Bruce | |
| 700 | 1 | _aGortazar Azaola, Isabel | |
| 999 |
_c2326 _d2326 |
||